| 000 | 00792nam a2200205Ia 4500 | ||
|---|---|---|---|
| 001 | 11489 | ||
| 003 | GE_BSU | ||
| 008 | 181216s||||||||xx |||||||||||||| ||und|| | ||
| 040 | _cGE_BSU | ||
| 100 | _aკვარაცხელია,ტ.ყ; აკულოვა,ტ.ა. | ||
| 245 | _aსუბტროპიკული ხეხილის ბაღის გაშენება | ||
| 245 | _cრედ:დ.ცქიტიშვილი; თარგმ.გრ.შავიშვილისა. | ||
| 260 | _aთბილისი | ||
| 260 | _bსახელგამი | ||
| 260 | _c1950 | ||
| 300 | _a145გვ;20სმ. | ||
| 300 | _bილ. | ||
| 653 | _aსუბტროპიკული ხეხილის ბაღის გაშენება | ||
| 942 | _cBK | ||
| 999 |
_c44685 _d44685 |
||